[Event "Oberliga Ost-A 1314"]
[Site "Germany"]
[Date "2014.04.06"]
[Round "11.6"]
[White "Heinz, Juergen"]
[Black "Woellermann, Jan"]
[Result "0-1"]
[WhiteElo "2254"]
[BlackElo "2212"]
[PlyCount "72"]
[EventDate "2013.10.13"]
[EventType "team-tourn"]
[EventRounds "11"]
[EventCountry "GER"]
[SourceTitle "EXT 2015"]
[Source "ChessBase"]
[SourceDate "2014.11.20"]
[SourceVersion "1"]
[SourceVersionDate "2014.11.20"]
[SourceQuality "1"]
[WhiteTeam "Aue Nickelhuette II"]
[BlackTeam "Magdeburg Aufbau Elbe"]
[WhiteTeamCountry "GER"]
[BlackTeamCountry "GER"]

1. d4 Nf6 2. Bg5 e6 3. Nd2 h6 4. Bh4 c5 5. e3 Be7 6. c3 b6 7. Ngf3 Bb7 8. Bxf6 gxf6 9. Qc2 d6 10. e4 Nd7 11. Be2 Qc7 12. 0-0 Rg8 13. Rfe1 cxd4 14. Nxd4 Rc8 15. Rad1 a6 16. g3 h5 17. h4 b5 18. Nf1 f5 19. Bxh5 Nf6 20. Qe2 fxe4 21. Nxe6 Qd7 22. Nf4 Qf5 23. Ne3 Qxf4 24. Rd4 Qe5 25. Ng4 Nxg4 26. Bxg4 Rd8 27. a4 Bc6 28. axb5 axb5 29. Qd1 d5 30. Kf1 Bc5 31. Rexe4 Qxe4 32. Rxe4+ dxe4 33. Qc2 Ra8 34. Kg2 Rg6 35. Bf5 Rf6 36. Bxe4 Rxf2+ 0-1

[Event "Oberliga Ost-A 1314"]
[Site "Germany"]
[Date "2014.04.05"]
[Round "10.6"]
[White "Niering, Martin"]
[Black "Heinz, Juergen"]
[Result "1-0"]
[WhiteElo "2177"]
[BlackElo "2254"]
[PlyCount "111"]
[EventDate "2013.10.13"]
[EventType "team-tourn"]
[EventRounds "11"]
[EventCountry "GER"]
[SourceTitle "EXT 2015"]
[Source "ChessBase"]
[SourceDate "2014.11.20"]
[SourceVersion "1"]
[SourceVersionDate "2014.11.20"]
[SourceQuality "1"]
[WhiteTeam "Magdeburg Rochade"]
[BlackTeam "Aue Nickelhuette II"]
[WhiteTeamCountry "GER"]
[BlackTeamCountry "GER"]

1. e4 Nf6 2. e5 Nd5 3. d4 d6 4. Nf3 g6 5. Bc4 c6 6. 0-0 dxe5 7. dxe5 Bg7 8. Qd4 0-0 9. Qh4 Bf5 10. Nc3 Nd7 11. Bxd5 cxd5 12. Nxd5 Re8 13. Ne3 e6 14. Nxf5 exf5 15. Qxd8 Raxd8 16. Bg5 Rc8 17. c3 Nxe5 18. Nxe5 Rxe5 19. Rfe1 f6 20. Be3 a6 21. Bd4 Rxe1+ 22. Rxe1 Kf7 23. Kf1 Bf8 24. Rd1 Rd8 25. Ke2 Bd6 26. h3 Re8+ 27. Kd3 Be5 28. Rd2 b5 29. Kc2 Ke6 30. Re2 g5 31. Kb3 f4 32. f3 h5 33. a4 Rb8 34. axb5 Rxb5+ 35. Kc4 Kf5 36. b4 g4 37. hxg4+ hxg4 38. Ra2 Bxd4 39. cxd4 gxf3 40. gxf3 Rb6 41. Ra5+ Ke6 42. d5+ Ke5 43. Ra1 Kd6 44. Re1 Kd7 45. Re4 f5 46. Rxf4 Rf6 47. Rh4 Kc7 48. Kc5 Rf7 49. Rh6 Kb7 50. d6 f4 51. Rh5 Rg7 52. Rf5 Rh7 53. Kd5 Rh4 54. Rf8 Rh5+ 55. Ke6 Rh6+ 56. Rf6 1-0

[Event "Oberliga Ost-A 1314"]
[Site "Germany"]
[Date "2014.01.19"]
[Round "7.6"]
[White "Kreyssig, Robert"]
[Black "Heinz, Juergen"]
[Result "1/2-1/2"]
[WhiteElo "2085"]
[BlackElo "2254"]
[PlyCount "49"]
[EventDate "2013.10.13"]
[EventType "team-tourn"]
[EventRounds "11"]
[EventCountry "GER"]
[SourceTitle "EXT 2015"]
[Source "ChessBase"]
[SourceDate "2014.11.20"]
[SourceVersion "1"]
[SourceVersionDate "2014.11.20"]
[SourceQuality "1"]
[WhiteTeam "Leipzig SG"]
[BlackTeam "Aue Nickelhuette II"]
[WhiteTeamCountry "GER"]
[BlackTeamCountry "GER"]

1. d4 d5 2. c4 c6 3. Nc3 Nf6 4. e3 Bf5 5. cxd5 cxd5 6. Qb3 Qb6 7. Qxb6 axb6 8. Nf3 Bd7 9. Bd3 e6 10. 0-0 Bd6 11. Bd2 Nc6 12. Nb5 Bb8 13. a3 0-0 14. Rac1 Ne4 15. Rc2 f5 16. Rfc1 h6 17. Be1 g5 18. Nd2 Nd6 19. Nb1 Nxb5 20. Bxb5 Bd6 21. Nc3 Be8 22. Bd3 Na7 23. f3 Rd8 24. Bf2 Kg7 25. Rd1 1/2-1/2

[Event "Schneeberger op 11th"]
[Site "Schneeberg"]
[Date "2011.04.07"]
[Round "6"]
[White "Heinz, Juergen"]
[Black "Peil, Christoph"]
[Result "1-0"]
[WhiteElo "2288"]
[BlackElo "1902"]
[PlyCount "83"]
[EventDate "2011.04.04"]
[EventType "swiss"]
[EventRounds "7"]
[EventCountry "GER"]
[SourceTitle "EXT 2019"]
[Source "ChessBase"]
[SourceDate "2018.10.10"]
[SourceVersion "1"]
[SourceVersionDate "2018.10.10"]
[SourceQuality "1"]

1. Nf3 c5 2. c4 Nf6 3. Nc3 g6 4. d4 cxd4 5. Nxd4 Bg7 6. e4 Nc6 7. Be3 Ng4 8. Qxg4 Nxd4 9. Qd1 Nc6 10. Qd2 d6 11. Be2 0-0 12. 0-0 Bd7 13. Rac1 Rc8 14. Rfd1 Ne5 15. b3 b6 16. h3 Bc6 17. f3 Re8 18. Kh1 Qc7 19. Bh6 Bh8 20. h4 Qb8 21. h5 Bb7 22. Qe3 Rcd8 23. f4 Nc6 24. Bd3 e6 25. Qg3 Rd7 26. Bb1 Bc8 27. Rf1 a6 28. Rf3 Bb7 29. Qg4 Ba8 30. Rg3 Qd8 31. Rf1 Bf6 32. e5 dxe5 33. hxg6 fxg6 34. f5 Rd4 35. Be4 exf5 36. Rxf5 Kh8 37. Rf1 Nb4 38. Qf3 Bxe4 39. Nxe4 Bg7 40. Bxg7+ Kxg7 41. Qf7+ Kh8 42. Rh3 1-0

[Event "Bundesliga 1011"]
[Site "Germany"]
[Date "2011.02.06"]
[Round "9.7"]
[White "Mann, Christian"]
[Black "Heinz, Juergen"]
[Result "1-0"]
[WhiteElo "2444"]
[BlackElo "2288"]
[PlyCount "113"]
[EventDate "2010.10.09"]
[EventType "team-tourn"]
[EventRounds "15"]
[EventCountry "GER"]
[SourceTitle "EXT 2012"]
[Source "ChessBase"]
[SourceDate "2011.11.24"]
[SourceVersion "1"]
[SourceVersionDate "2011.11.24"]
[SourceQuality "1"]
[WhiteTeam "Eppingen"]
[BlackTeam "Aue Nickelhuette"]
[WhiteTeamCountry "GER"]
[BlackTeamCountry "GER"]

1. e4 e5 2. Nf3 Nc6 3. Bb5 Nf6 4. 0-0 Nxe4 5. Re1 Nd6 6. Nxe5 Be7 7. Bf1 Nxe5 8. Rxe5 0-0 9. d4 Bf6 10. Re1 Nf5 11. c3 d5 12. Bf4 c6 13. Nd2 Nh4 14. g3 Ng6 15. Be3 Be6 16. h4 Ne7 17. Bg5 Bxg5 18. hxg5 Qd6 19. Bd3 g6 20. Kg2 Bf5 21. Qe2 Bxd3 22. Qxe7 Qxe7 23. Rxe7 Rab8 24. Rae1 Rfc8 25. Nb3 Kf8 26. Nc5 Be4+ 27. R7xe4 dxe4 28. Nd7+ Ke7 29. Nxb8 Rxb8 30. Rxe4+ Kd6 31. Rf4 Ke6 32. Kf3 Rh8 33. Ke4 h5 34. b4 Ke7 35. c4 Rd8 36. Rf6 Rh8 37. d5 cxd5+ 38. cxd5 h4 39. d6+ Ke8 40. gxh4 Rxh4+ 41. Rf4 Rh5 42. Rg4 Rh2 43. Ke3 Rh3+ 44. f3 Rh1 45. Rc4 Ra1 46. Rc8+ Kd7 47. Rc7+ Kxd6 48. Rxb7 Rxa2 49. Rxf7 Kd5 50. Rf6 Rb2 51. Rxg6 Rxb4 52. Ra6 Rb7 53. Kf4 Kc5 54. g6 Kb5 55. Rf6 a5 56. Rf7 Rb8 57. g7 1-0

[Event "GER Cup18 sf23 serv"]
[Site "GER email"]
[Date "2010.06.06"]
[Round "?"]
[White "Heinz, Juergen"]
[Black "Heineccius, August"]
[Result "1-0"]
[WhiteElo "2116"]
[BlackElo "1362"]
[PlyCount "39"]
[EventDate "2010.06.21"]
[EventType "tourn (corr)"]
[EventRounds "8"]
[EventCountry "GER"]
[SourceTitle "Corr 2013"]
[Source "ChessBase"]
[SourceDate "2012.11.12"]
[SourceVersion "1"]
[SourceVersionDate "2012.11.12"]
[SourceQuality "1"]

1. e4 e5 2. Nf3 Nf6 3. Nxe5 Qe7 4. d4 d6 5. Nf3 Nxe4 6. Be2 d5 7. 0-0 Bf5 8. c4 dxc4 9. Bxc4 Nd6 10. Re1 Be4 11. Nc3 Nd7 12. Nd5 Qd8 13. Bg5 f6 14. Bd3 c6 15. Bxe4 Qb8 16. Bf5+ Be7 17. Rxe7+ Kf8 18. Rxd7 cxd5 19. Bf4 Qe8 20. Bxd6+ 1-0